Provincias visigodas en el S.VII con un mapa - Estadísticas

Estadísticas generales
  • Esta prueba ha sido intentada 10 veces
  • La puntuación promedio es 5 de 12
Respuestas en el mapa
Las respuestas están codificadas por una escala verde-roja en el mapa de la prueba según el % correcto abajo.
 
Estadísticas de respuestas
Respuesta % Correcto
Lusitania
89%
Tarraconensis
78%
Baetica
67%
Cantabria
56%
Gallaecia
44%
Carthaginensis
33%
Septa
33%
Septimania
33%
Vasconia
33%
Celtiberia
22%
Astura
11%
Carpetania
11%
No se encontraron pruebas coincidentes
Distribución de puntuación
Porcentaje de gente con cada puntuación
Porcentaje por número respondido
Historial de tus puntuaciones
No has intentado esta prueba.